Alfabetización de niños: construcción e intercambio /
Guardado en:
| Autor Principal: | |
|---|---|
| Otros Autores: | , |
| Formato: | Libro |
| Publicado: |
Buenos Aires :
Aique,
2000
|
| Edición: | 8a. ed. |
| Materias: | |
| Etiquetas: |
Agregar Etiqueta
Sin Etiquetas, Sea el primero en etiquetar este registro!
|
| LEADER | 01105nam a22002775a 4500 | ||
|---|---|---|---|
| 001 | CEM.cems010862 | ||
| 005 | 20080311125932.0 | ||
| 008 | 130507s2000##################000#0#####d | ||
| 003 | CEMS | ||
| 020 | |a 9507010122 | ||
| 082 | 0 | 4 | |a SG372 |
| 100 | 1 | |a Kaufman, Ana María | |
| 245 | 1 | 0 | |a Alfabetización de niños: construcción e intercambio / |c Ana María Kaufman ... [et Al.] |
| 250 | |a 8a. ed. | ||
| 260 | |a Buenos Aires : |b Aique, |c 2000 | ||
| 300 | |a 146 p. | ||
| 500 | |a Experiencias pedagógicas en jardín de infantes y escuela primaria | ||
| 505 | 0 | |a Fundamentación teórica -- Error y corrección -- Situaciones didácticas desarrolladas en jardín de infantes y primer grado -- Situaciones didácticas desarrolladas en segundo y tercer grado -- Evaluación y promoción | |
| 653 | |a Alfabetización | ||
| 653 | |a Biblioteca maría de los angeles saggio | ||
| 653 | |a Educación | ||
| 653 | |a Enseñanza preescolar | ||
| 653 | |a Enseñanza primaria | ||
| 700 | 1 | |a Castedo, Mirta / Molinari, Claudia | |
| 700 | 1 | |a Teruggi, Lilia | |
| 859 | |a CEMS |b BIB. CEMS - 11 de abril |h SG372 |i K162a8 |p 21567.01 |t Ej.1 | ||
